| 000 | 00386 a2200133 4500 | ||
|---|---|---|---|
| 001 | 92279 | ||
| 082 | _aPR 2527 | ||
| 090 |
_c44227 _d44226 |
||
| 100 | _aMuhammad Nabeel; Prof Ammar Saleem and Shoaib Arif (Advisors) | ||
| 245 |
_aDesign and Development of RF Power Amplifier in L-Band _n77 "B" EC |
||
| 260 |
_aIslamabad _bNUST _c2014 |
||
| 300 | _a100p. | ||
| 500 | _aBE Project Reports | ||
| 942 |
_aCAE NUST _kPR 2527 |
||
| 999 |
_c327352 _d327352 |
||